Kodály Zoltán élete és pedagógiai munkássága

Elmentve itt :
Bibliográfiai részletek
Szerző: Kiss Györgyi
További közreműködők: Gévayné Janurik Márta (Témavezető)
Dokumentumtípus: Szakdolgozat
Megjelent: 2008
Tárgyszavak:
Online Access:http://diploma.bibl.u-szeged.hu/108911
LEADER 00674nta a2200193 i 4500
001 dipl108911
005 20210305081714.0
008 210303s2008 hu om 0|| zxx d
040 |a SZTE Diploma Repozitórium  |b hun 
041 |a zxx 
100 1 |a Kiss Györgyi 
245 1 0 |a Kodály Zoltán élete és pedagógiai munkássága  |h [elektronikus dokumentum] /  |c Györgyi Kiss 
260 |c 2008 
650 4 |a Művészet 
650 4 |a Social sciences 
650 4 |a Humanities 
650 4 |a Arts (arts, history of arts, performing arts, music) 
700 2 |a Gévayné Janurik Márta  |e ths 
856 4 0 |u http://diploma.bibl.u-szeged.hu/id/eprint/108911/1/2008_kiss_gyorgyi.pdf  |z Dokumentum-elérés